Statistics for France National Football Team Quiz #1

Click here to take the quiz!

General Stats

  • This quiz has been taken 95 times
  • The average score is 6 of 10

Answer Stats

QuestionAnswer% Correct
Who's the all-time most capped goalkeeper for France?Hugo Lloris
89%
How many World Cups has France won? (as of 2022)2
80%
Benjamin Pavard scored a wonder goal for France at the 2018 WC, but who was it against?Argentina
80%
In what city was Karim Benzema born?Lyon, France
62%
In what year did Didier Deschamps become France's manager?2012
59%
Who scored the most goals (3) for France at the 2014 WC?Karim Benzema
58%
Who's the all-time top goal scorer for the French National Team? (as of July 2022)Thierry Henry
56%
How many European Championships has France won? (as of 2022)2
42%
As of July 2022, how many players have scored more than 50 goals for France during their career?1
36%
Who's got the most caps for the French National Team?Lilian Thuram
35%

Score Distribution

Percentile by Number Answered

Percent of People with Each Score

Your Score History

You have not taken this quiz